Normal view
MARC view
Entry Término temático
001 - NÚMERO DE CONTROL
- campo de control: 151605
003 - IDENTIFICADOR DEL NÚMERO DE CONTROL
- campo de control: OSt
005 - FECHA Y HORA DE LA ÚLTIMA TRANSACCIÓN
- campo de control: 20220127160322.0
008 - DATOS DE LONGITUD FIJA
- campo de control de longitud fija: 220127|| aca||aabn | a|a d
040 ## - FUENTE DE LA CATALOGACIÓN
- Centro catalogador/agencia de origen: OSt
- Centro/agencia transcriptor: OSt
150 ## - ENCABEZAMIENTO--TÉRMINO DE MATERIA
- Término de materia o nombre geográfico como elemento de entrada: Suelos
- Subdivisión general: análisis
- Subdivisión general: México (edo)
670 ## - FUENTE DE DATOS ENCONTRADOS
- Cita de la fuente: Work cat.: (OSt)172346: Cuanalo de la Cerda, H.E. 151604, Levantamiento de Suelos de la Cuenca de Chalco, H.E. Cuanalo de la Cerda y C.A. Ortiz Solorio., 1976
